00814nam a2200241Ia 450000500170000000800390001702000150005604100080007108200180007910000300009724500810012725000220020830000400023049000380027065000280030865000460033665000340038226400330041633600270044933700330047633800280050904000350053720220316235512.0121119s1994 ck a gr 000 0 spa a9583001317 aspa04a797.21bP27n11 aPerea Rosero, Tucídides10aNatación 2bpolo acuático y nado sincronizadocTucídides Perea Rosero aPrimera edición a215 páginasbilustracionesc16 cm aReglamentos deportivos ilustrados142LEMBaNado sincronizado142LEMBxEstrategia y técnicasaNatación142LEMBaNataciónvReglamentos aBogotábPanamericanac1994 atextobtxt2rdacontent asin mediaciónbn2rdamedia avolumenbnc2rdacarrier aCO-BoRNBPbspaerdacCO-BoRNBP